Normal view
MARC view
Entry Personal Name
001 - CONTROL NUMBER
- control field: 6309
003 - CONTROL NUMBER IDENTIFIER
- control field: OSt
005 - DATE AND TIME OF LATEST TRANSACTION
- control field: 20151125173455.0
008 - FIXED-LENGTH DATA ELEMENTS
- fixed length control field: 151125|| aca||aabn | a|a d
040 ## - CATALOGING SOURCE
- Original cataloging agency: OSt
- Transcribing agency: OSt
100 ## - HEADING--PERSONAL NAME
- Personal name: ROBERTSON A.F;
670 ## - SOURCE DATA FOUND
- Source citation: Work cat.: (OSt): ROBERTSON A.F;, The big catch;, 1995.
